Control hormonal del desarrollo de las plantas: fisiología, tecnología, experimentación

Saved in:
Bibliografiske detaljer
Main Authors: Rojas Garcidueñas, Manuel (Author), Ramírez, Homero (Author)
Format: Bog
Sprog:spansk
Udgivet: Ciudad de México Limusa 1993
Udgivelse:2a. ed
Fag:
Tags: Tilføj Tag
Ingen Tags, Vær først til at tagge denne postø!

MARC

LEADER 00000nam a2200000 a 4500
001 UCP9267
003 CL-VaPUC
005 20240923110533.0
008 000324e19930000MX |||||||||||||||||spa|d
999 |c 286097  |d 286095 
040 |c Pontificia Universidad Católica de Valparaíso 
082 0 4 |a 631.54  |b ROJ  |2 21 
100 0 |a Rojas Garcidueñas, Manuel  |e author  |9 439734 
245 1 0 |a Control hormonal del desarrollo de las plantas: fisiología, tecnología, experimentación 
250 |a 2a. ed 
260 |a Ciudad de México  |b Limusa  |c 1993 
300 |a 263 p 
583 |a last modification  |c 20000324 00:00:00  |k Rodrigo Vera 
650 0 |a Hormonas vegetales  |9 264717  |x Interacción hormonal  
650 0 |a Fisiología vegetal  |9 260158 
650 0 |a Crecimiento vegetal  |9 359570 
700 0 |a Ramírez, Homero  |e author  |9 439735 
942 |c BK  |2 ddc 
945 |d 20000324 00:00:00  |a vberengu 
952 |0 0  |1 0  |2 ddc  |4 0  |6 631_540000000000000_ROJ_1993  |7 0  |8 A  |9 331509  |a BIBAGR  |b BIBAGR  |d 2019-11-20  |i 3604136  |l 5  |o 631.54 ROJ 1993  |p 3604136  |r 2025-01-20  |s 2022-07-13  |w 2019-11-20  |y BK  |k AGR